[Event "Quebec-ch inv."]
[Site "Montreal CAN"]
[Date "2021.12.03"]
[Round "3.1"]
[White "Sambuev, Bator"]
[Black "Chiku-Ratte, Olivier-Kenta"]
[Result "1/2-1/2"]
[WhiteElo "2568"]
[BlackElo "2463"]
[PlyCount "92"]
[EventDate "2021.11.25"]
[EventType "k.o."]
[EventRounds "3"]
[EventCountry "CAN"]

1. g3 Nf6 2. Bg2 d5 3. Nf3 c6 4. O-O g6 5. c4 Bg7 6. cxd5 cxd5 7. d4 O-O 8. Nc3
Ne4 9. Nxe4 dxe4 10. Ne5 Qd5 11. b3 Nd7 12. Bb2 Nxe5 13. dxe5 Be6 14. Qc2 Bf5
15. Rfd1 Rac8 16. Qxc8 Qxd1+ 17. Rxd1 Rxc8 18. Rd2 h5 19. f4 e3 20. Rd1 Rc2 21.
Bc1 Rxe2 22. Bxb7 h4 23. Bf3 Rf2 24. Bg2 hxg3 25. hxg3 Rxa2 26. Bxe3 f6 27.
Bd5+ e6 28. exf6 exd5 29. fxg7 Kxg7 30. Rxd5 Rg2+ 31. Kf1 Rxg3 32. Re5 a6 33.
Kf2 Rh3 34. Ra5 Bd3 35. Rd5 Be4 36. Rd7+ Kf6 37. Rd6+ Kf5 38. Rxa6 Kg4 39. Ke2
Rh2+ 40. Kd1 Kf3 41. Ba7 Rb2 42. Ra3 Kxf4 43. Bd4 Rb1+ 44. Kd2 Bd5 45. Kc2 Rxb3
46. Rxb3 Bxb3+ 1/2-1/2

[Event "Quebec-ch inv."]
[Site "Montreal CAN"]
[Date "2021.12.04"]
[Round "3.2"]
[White "Chiku-Ratte, Olivier-Kenta"]
[Black "Sambuev, Bator"]
[Result "1/2-1/2"]
[WhiteElo "2463"]
[BlackElo "2568"]
[PlyCount "129"]
[EventDate "2021.11.25"]
[EventType "k.o."]
[EventRounds "3"]
[EventCountry "CAN"]

1. d4 Nf6 2. c4 e6 3. Nf3 d5 4. Nc3 a6 5. cxd5 exd5 6. Bg5 Be6 7. e3 Nbd7 8.
Bd3 Bd6 9. O-O O-O 10. h3 c6 11. Qc2 Qc7 12. Ne2 Rfe8 13. Nd2 h6 14. Bf4 Nf8
15. b4 Bd7 16. Bxd6 Qxd6 17. Qc5 Qc7 18. Nf4 g5 19. Ne2 Ng6 20. Ng3 Nh4 21. Qc2
Qc8 22. Rfe1 Kh8 23. e4 Rg8 24. e5 Ne8 25. Qc5 Qd8 26. Be2 Ng7 27. Qd6 Be6 28.
Qxd8 Raxd8 29. Nb3 Nhf5 30. Bg4 Nxg3 31. fxg3 Bxg4 32. hxg4 Ne6 33. Rf1 Rd7 34.
Rf6 Rg6 35. Rf3 Re7 36. a4 Nc7 37. Raf1 Kg8 38. Na1 Ne6 39. Nc2 Kf8 40. Rd3 Rd7
41. Ne3 Ke8 42. Nf5 f6 43. a5 fxe5 44. dxe5 Kd8 45. Nd6 Re7 46. Rdf3 c5 47. Rf6
Rg8 48. Nf5 Ree8 49. bxc5 Rgf8 50. Ng7 Rxf6 51. exf6 Nxc5 52. Nxe8 Kxe8 53. f7+
Kf8 54. Rf5 Nb3 55. Rxd5 Kxf7 56. Rd7+ Kf6 57. Rxb7 Nxa5 58. Rb6+ Kg7 59. Rxa6
Nb3 60. Kf2 Nc5 61. Ra7+ Kf6 62. Ke3 Ne6 63. Ra6 Ke5 64. Rc6 Kd5 65. Rc8
1/2-1/2

[Event "Quebec-ch inv."]
[Site "Montreal CAN"]
[Date "2021.12.04"]
[Round "3.3"]
[White "Sambuev, Bator"]
[Black "Chiku-Ratte, Olivier-Kenta"]
[Result "1-0"]
[WhiteElo "2568"]
[BlackElo "2463"]
[PlyCount "121"]
[EventDate "2021.11.25"]
[EventType "k.o."]
[EventRounds "3"]
[EventCountry "CAN"]

1. Nf3 Nf6 2. c4 c6 3. d4 d5 4. e3 g6 5. Nc3 Bg7 6. Bd3 O-O 7. O-O Bf5 8. Bxf5
gxf5 9. cxd5 cxd5 10. Qb3 b6 11. Ne5 e6 12. f3 Nfd7 13. Nd3 Nc6 14. Qd1 Rc8 15.
Bd2 Nf6 16. Ne2 Qd7 17. Be1 Ne7 18. Bh4 Ng6 19. Bxf6 Bxf6 20. Ng3 Qc6 21. Nh5
Bh8 22. Rf2 Qb7 23. f4 Qe7 24. h3 h6 25. g3 Rc7 26. Rg2 Kh7 27. Kh2 f6 28. Ne1
Rfc8 29. Nf3 Rc4 30. Qd3 Qc7 31. g4 Rc2 32. Rag1 Ne7 33. Nh4 Qc4 34. Qa3 Qc7
35. gxf5 exf5 36. Ng3 Rxg2+ 37. Rxg2 Rg8 38. Qd3 Qc4 39. Qb1 Qc8 40. Nhxf5 Nxf5
41. Qxf5+ Qxf5 42. Nxf5 Re8 43. Kg1 Re6 44. Kf2 Rc6 45. Kf3 Re6 46. Ke2 a5 47.
Kd3 Re8 48. Nh4 Bg7 49. Rc2 Re6 50. Rc7 Kg8 51. Nf5 Bf8 52. h4 a4 53. Rd7 a3
54. bxa3 Bxa3 55. Rxd5 h5 56. Rd7 Kf8 57. Rb7 Rc6 58. d5 Rc5 59. e4 Bc1 60. d6
Ke8 61. Ng7+ 1-0

[Event "Quebec-ch inv."]
[Site "Montreal CAN"]
[Date "2021.12.05"]
[Round "3.4"]
[White "Chiku-Ratte, Olivier-Kenta"]
[Black "Sambuev, Bator"]
[Result "0-1"]
[WhiteElo "2463"]
[BlackElo "2568"]
[PlyCount "40"]
[EventDate "2021.11.25"]
[EventType "k.o."]
[EventRounds "3"]
[EventCountry "CAN"]

1. d4 e6 2. c4 Bb4+ 3. Bd2 Qe7 4. Nf3 f5 5. g3 Nf6 6. Bg2 O-O 7. O-O Bxd2 8.
Nbxd2 d6 9. Re1 e5 10. e4 f4 11. c5 fxg3 12. hxg3 dxc5 13. dxc5 Nc6 14. b4 Bg4
15. Qb3+ Be6 16. Qc3 Ng4 17. Nc4 Qf6 18. Rf1 Nd4 19. Nxd4 Qh6 20. Nf3 Rxf3 0-1

[Event "Titled Tuesday 2021.06.08"]
[Site "chess.com INT"]
[Date "2021.06.08"]
[Round "5"]
[White "Blanco, Ce"]
[Black "Chiku-Ratte, Olivier-Kenta"]
[Result "0-1"]
[WhiteElo "2065"]
[BlackElo "2377"]
[PlyCount "40"]
[EventDate "2021.06.08"]
[EventType "swiss (blitz)"]
[EventRounds "11"]
[EventCountry "NET"]
[Source "Mark Crowther"]
[SourceDate "2021.06.14"]

1. d4 c5 2. d5 e5 3. e4 d6 4. c4 g6 5. Nc3 Bg7 6. Be2 Ne7 7. f4 Nd7 8. f5 gxf5
9. exf5 Nxf5 10. Nf3 O-O 11. O-O Nh4 12. Ne4 Nf5 13. Qe1 Qe7 14. Nfg5 Nf6 15.
Nxf6+ Bxf6 16. Ne4 Bg7 17. Bd3 Nd4 18. Qg3 f5 19. Ng5 e4 20. Bb1 Ne2+ 0-1

[Event "Titled Tuesday 2021.06.08"]
[Site "chess.com INT"]
[Date "2021.06.08"]
[Round "6"]
[White "Chiku-Ratte, Olivier-Kenta"]
[Black "Zemerov, Vladimir"]
[Result "1-0"]
[WhiteElo "2377"]
[BlackElo "2268"]
[PlyCount "83"]
[EventDate "2021.06.08"]
[EventType "swiss (blitz)"]
[EventRounds "11"]
[EventCountry "NET"]
[Source "Mark Crowther"]
[SourceDate "2021.06.14"]

1. Nf3 d6 2. d4 g6 3. c4 Bg7 4. g3 Bg4 5. Bg2 Nf6 6. Nc3 O-O 7. O-O c6 8. h3
Be6 9. Ng5 Bd7 10. e4 h6 11. Nf3 Qc8 12. Kh2 Na6 13. b3 Nc7 14. Bb2 Nh5 15. Re1
Be8 16. Qd3 a6 17. Rad1 b5 18. e5 bxc4 19. bxc4 Rb8 20. Ba3 Qd7 21. exd6 exd6
22. Ne4 d5 23. Nc5 Qc8 24. Nb3 Bd7 25. Bxf8 Qxf8 26. Ne5 Qd6 27. Nxd7 Qxd7 28.
Nc5 Qd6 29. cxd5 Nxd5 30. Qxa6 Rb2 31. Re2 Rxe2 32. Qxe2 Kh7 33. Qf3 Nhf6 34.
a4 Nb4 35. a5 h5 36. a6 Qc7 37. Qa3 Nc2 38. Qb3 Nxd4 39. Rxd4 Ng4+ 40. Rxg4
hxg4 41. hxg4 Bd4 42. Qb7 1-0

[Event "Titled Tuesday 2021.06.08"]
[Site "chess.com INT"]
[Date "2021.06.08"]
[Round "7"]
[White "Chiku-Ratte, Olivier-Kenta"]
[Black "Von Buelow, G."]
[Result "0-1"]
[WhiteElo "2377"]
[BlackElo "2361"]
[PlyCount "60"]
[EventDate "2021.06.08"]
[EventType "swiss (blitz)"]
[EventRounds "11"]
[EventCountry "NET"]
[Source "Mark Crowther"]
[SourceDate "2021.06.14"]

1. Nf3 Nf6 2. c4 g6 3. Nc3 Bg7 4. g3 O-O 5. Bg2 d6 6. O-O Nc6 7. b3 e5 8. Bb2
Re8 9. e4 Bg4 10. h3 Bxf3 11. Bxf3 Nd4 12. Bg2 c5 13. Ne2 a6 14. Nxd4 cxd4 15.
d3 Nd7 16. b4 a5 17. a3 b6 18. f4 Bh6 19. Kh2 Rf8 20. Qb3 Qe7 21. fxe5 dxe5 22.
Rf3 axb4 23. axb4 Rxa1 24. Bxa1 Ra8 25. Bb2 Bd2 26. b5 Nc5 27. Qc2 Bh6 28. h4
Ra2 29. Qb1 Qa7 30. Bc1 Ra1 0-1

[Event "Titled Tuesday 2021.06.08"]
[Site "chess.com INT"]
[Date "2021.06.08"]
[Round "8"]
[White "Shapiro, Dan"]
[Black "Chiku-Ratte, Olivier-Kenta"]
[Result "0-1"]
[WhiteElo "2284"]
[BlackElo "2377"]
[PlyCount "88"]
[EventDate "2021.06.08"]
[EventType "swiss (blitz)"]
[EventRounds "11"]
[EventCountry "NET"]
[Source "Mark Crowther"]
[SourceDate "2021.06.14"]

1. d4 c5 2. e3 Nf6 3. Nf3 g6 4. Be2 Bg7 5. O-O O-O 6. c4 cxd4 7. Nxd4 Nc6 8.
Nc3 d6 9. b3 Bd7 10. Bb2 Rc8 11. e4 Nxd4 12. Qxd4 Bc6 13. Nd5 Bxd5 14. exd5 Nh5
15. Qd2 Bxb2 16. Qxb2 Nf6 17. Qd4 Qb6 18. Rad1 Qxd4 19. Rxd4 Rc5 20. Re1 Rfc8
21. f4 b5 22. cxb5 Nxd5 23. Bc4 e6 24. Bxd5 exd5 25. Red1 Rxb5 26. Rxd5 Rxd5
27. Rxd5 Rc1+ 28. Kf2 Rc2+ 29. Kf3 Rxa2 30. Rxd6 Ra3 31. Rd3 a5 32. Ke4 Kf8 33.
Kd4 Ke7 34. Kc5 a4 35. Kb4 Rxb3+ 36. Rxb3 axb3 37. Kxb3 Ke6 38. Kc4 Kf5 39. g3
Kg4 40. Kd4 Kh3 41. Ke5 Kxh2 42. g4 Kg3 43. g5 Kf3 44. Kf6 Kxf4 0-1

[Event "Titled Tuesday 2021.06.08"]
[Site "chess.com INT"]
[Date "2021.06.08"]
[Round "9"]
[White "Chiku-Ratte, Olivier-Kenta"]
[Black "San Thit Lwin"]
[Result "1-0"]
[WhiteElo "2377"]
[BlackElo "2242"]
[PlyCount "95"]
[EventDate "2021.06.08"]
[EventType "swiss (blitz)"]
[EventRounds "11"]
[EventCountry "NET"]
[Source "Mark Crowther"]
[SourceDate "2021.06.14"]

1. Nf3 Nf6 2. c4 d5 3. cxd5 Nxd5 4. g3 c6 5. Bg2 Bf5 6. d3 Bg6 7. O-O e6 8. Nc3
Nd7 9. Bg5 Be7 10. Bxe7 Qxe7 11. e4 N5f6 12. Re1 O-O 13. Qc2 Rfd8 14. Rad1 e5
15. d4 exd4 16. Nxd4 Nc5 17. f4 Ne6 18. Nxe6 fxe6 19. h3 Rxd1 20. Rxd1 Rd8 21.
Rxd8+ Qxd8 22. Qf2 Qb6 23. Qxb6 axb6 24. Kf2 b5 25. Ke3 Kf8 26. e5 Nd5+ 27.
Bxd5 exd5 28. b4 Ke7 29. Kd4 b6 30. a4 bxa4 31. Nxa4 b5 32. Nc3 Bf5 33. g4 Bd7
34. f5 h5 35. e6 hxg4 36. hxg4 Be8 37. Ke5 Kd8 38. g5 Kc7 39. f6 gxf6+ 40. gxf6
Kd8 41. f7 Bxf7 42. exf7 Ke7 43. Ne2 Kxf7 44. Kd6 Kf6 45. Kxc6 Ke5 46. Kxb5 d4
47. Kc4 Ke4 48. Nxd4 1-0

[Event "Titled Tuesday 2021.06.08"]
[Site "chess.com INT"]
[Date "2021.06.08"]
[Round "10"]
[White "Arvind, C."]
[Black "Chiku-Ratte, Olivier-Kenta"]
[Result "1-0"]
[WhiteElo "2124"]
[BlackElo "2377"]
[PlyCount "85"]
[EventDate "2021.06.08"]
[EventType "swiss (blitz)"]
[EventRounds "11"]
[EventCountry "NET"]
[Source "Mark Crowther"]
[SourceDate "2021.06.14"]

1. d4 Nf6 2. c4 g6 3. Nc3 Bg7 4. e4 d6 5. Nf3 O-O 6. Be2 c6 7. O-O Na6 8. Be3
e5 9. Rb1 Bg4 10. b4 Bxf3 11. Bxf3 Nd7 12. d5 c5 13. a3 Rc8 14. Be2 f5 15. f3
f4 16. Bf2 g5 17. Nb5 Qb6 18. g4 fxg3 19. hxg3 Ra8 20. Qd2 h6 21. Kg2 Nc7 22.
Nc3 Qa6 23. Qb2 b6 24. a4 cxb4 25. Qxb4 Nc5 26. Nb5 Nxb5 27. axb5 Qb7 28. Ra1
g4 29. Ra3 gxf3+ 30. Bxf3 Rf7 31. Bg4 Kh8 32. Bxc5 Rxf1 33. Kxf1 dxc5 34. Qd2
Qe7 35. d6 Rf8+ 36. Kg2 Qf7 37. Rf3 Qe8 38. d7 Qd8 39. Rxf8+ Bxf8 40. Qd5 Bg7
41. Qf7 Kh7 42. Bf5+ Kh8 43. Qe8+ 1-0

[Event "Titled Tuesday 2021.06.08"]
[Site "chess.com INT"]
[Date "2021.06.08"]
[Round "11"]
[White "Chiku-Ratte, Olivier-Kenta"]
[Black "Donatti, Alvaro"]
[Result "0-1"]
[WhiteElo "2377"]
[BlackElo "2193"]
[PlyCount "70"]
[EventDate "2021.06.08"]
[EventType "swiss (blitz)"]
[EventRounds "11"]
[EventCountry "NET"]
[Source "Mark Crowther"]
[SourceDate "2021.06.14"]

1. Nf3 Nf6 2. c4 c5 3. Nc3 Nc6 4. g3 g6 5. Bg2 Bg7 6. O-O O-O 7. d3 d5 8. cxd5
Nxd5 9. Bd2 Nc7 10. Rc1 e5 11. b3 Be6 12. Ng5 Bf5 13. Bxc6 bxc6 14. Nge4 Ne6
15. Be3 Bh3 16. Re1 f5 17. Nxc5 Nd4 18. f4 exf4 19. Bxf4 Re8 20. e3 Ne6 21.
Nxe6 Rxe6 22. e4 Bxc3 23. Re2 fxe4 24. Rxe4 Rxe4 25. dxe4 Qb6+ 26. Kh1 Rd8 27.
Qe2 Qd4 28. Bg5 Rf8 29. Qc4+ Qxc4 30. bxc4 Bd4 31. Rd1 c5 32. Bf4 g5 33. Bxg5
Rf2 34. Bf4 Bg2+ 35. Kg1 Rd2+ 0-1

[Event "Titled Tuesday 2021.05.18"]
[Site "chess.com INT"]
[Date "2021.05.18"]
[Round "1"]
[White "Chiku-Ratte, Olivier-Kenta"]
[Black "Li, Hui"]
[Result "1-0"]
[WhiteElo "2377"]
[BlackElo "1990"]
[PlyCount "101"]
[EventDate "2021.05.18"]
[EventType "swiss (blitz)"]
[EventRounds "11"]
[EventCountry "NET"]
[Source "Mark Crowther"]
[SourceDate "2021.05.24"]

1. Nf3 d5 2. d4 Nf6 3. c4 e6 4. Nc3 Be7 5. cxd5 exd5 6. Bg5 c6 7. Qc2 O-O 8. e3
Nbd7 9. Bd3 Re8 10. O-O Nf8 11. Ne5 N6d7 12. Bxe7 Qxe7 13. Nxd7 Bxd7 14. Rab1
a5 15. Na4 Rad8 16. Rfc1 Bc8 17. Qc3 Qb4 18. Nc5 Qxc3 19. bxc3 Re7 20. Rb6 Ne6
21. Na4 g6 22. Rcb1 Rc7 23. c4 Nf8 24. cxd5 Rxd5 25. Bc4 Rd8 26. Nc5 Nd7 27.
Nxd7 Rdxd7 28. a3 Re7 29. Kf1 Kf8 30. Ke2 Bf5 31. R1b2 Bc8 32. f3 Ke8 33. e4
Kd8 34. Ke3 Be6 35. Bd3 Kc8 36. Rc2 Bd7 37. Rc5 Kb8 38. Rxa5 Bc8 39. Rb4 Rcd7
40. h4 Kc7 41. Rc5 Re8 42. a4 b6 43. Rc3 Bb7 44. g4 Ra8 45. Bb5 Rd6 46. Be2 Ra5
47. f4 Kb8 48. Rxb6 Rxa4 49. Rcb3 Raxd4 50. Rxb7+ Kc8 51. Rxf7 1-0

[Event "Titled Tuesday 2021.05.18"]
[Site "chess.com INT"]
[Date "2021.05.18"]
[Round "3"]
[White "Martirosyan, Haik M."]
[Black "Chiku-Ratte, Olivier-Kenta"]
[Result "1-0"]
[WhiteElo "2637"]
[BlackElo "2377"]
[PlyCount "77"]
[EventDate "2021.05.18"]
[EventType "swiss (blitz)"]
[EventRounds "11"]
[EventCountry "NET"]
[Source "Mark Crowther"]
[SourceDate "2021.05.24"]

1. c4 Nf6 2. g3 g6 3. Bg2 Bg7 4. Nc3 O-O 5. d3 d6 6. Nf3 c5 7. Rb1 Nc6 8. a3 a5
9. O-O e5 10. Ne1 Be6 11. Nc2 d5 12. cxd5 Nxd5 13. Ne3 Nxe3 14. Bxe3 Qe7 15.
Bxc6 bxc6 16. Ne4 Rfd8 17. Bxc5 Qd7 18. Be3 h6 19. Bxh6 f5 20. Nc5 Qd5 21. Nxe6
Qxe6 22. Bxg7 Kxg7 23. Qc2 a4 24. Rfc1 Rd6 25. b4 axb3 26. Rxb3 Qd5 27. Rb7+
Kh6 28. Qd2+ g5 29. h4 Rg8 30. hxg5+ Rxg5 31. Rh7+ Kxh7 32. Qxg5 f4 33. Rb1 Qf7
34. g4 f3 35. Qxe5 Rg6 36. Qh5+ Kg7 37. Rb8 Rh6 38. Qxf7+ Kxf7 39. exf3 1-0

[Event "Titled Tuesday 2021.05.18"]
[Site "chess.com INT"]
[Date "2021.05.18"]
[Round "4"]
[White "Gracia Alvarez, Gerardo An"]
[Black "Chiku-Ratte, Olivier-Kenta"]
[Result "0-1"]
[WhiteElo "2308"]
[BlackElo "2377"]
[PlyCount "104"]
[EventDate "2021.05.18"]
[EventType "swiss (blitz)"]
[EventRounds "11"]
[EventCountry "NET"]
[Source "Mark Crowther"]
[SourceDate "2021.05.24"]

1. e4 c5 2. Nf3 Nc6 3. d4 cxd4 4. Nxd4 e6 5. Nc3 Qc7 6. Be2 a6 7. O-O Nf6 8.
Be3 b5 9. a3 Bb7 10. f4 Nxd4 11. Qxd4 Rc8 12. Bf3 Bc5 13. Qxc5 Qxc5 14. Bxc5
Rxc5 15. e5 Bxf3 16. Rxf3 Nd5 17. Nxd5 Rxd5 18. Rd3 Rxd3 19. cxd3 f6 20. Rc1
Kd8 21. Kf2 fxe5 22. fxe5 Rf8+ 23. Ke3 Rf5 24. d4 h5 25. a4 bxa4 26. Rc4 Rf1
27. Rxa4 Rb1 28. Rxa6 Rxb2 29. Kf3 Rd2 30. Rd6 g5 31. Kg3 Ke7 32. h3 Rd3+ 33.
Kf2 Rd2+ 34. Kg3 h4+ 35. Kf3 Kd8 36. g4 Rh2 37. d5 Rxh3+ 38. Ke4 exd5+ 39. Rxd5
Ke7 40. Kf5 Rf3+ 41. Kxg5 h3 42. Rd2 Ke6 43. Rd6+ Ke7 44. Rh6 Kf7 45. Rh7+ Ke6
46. Rh6+ Kxe5 47. Rh5 d5 48. Kg6+ Ke6 49. g5 d4 50. Rh4 d3 51. Kg7 d2 52. Rd4
h2 0-1

[Event "Titled Tuesday 2021.05.18"]
[Site "chess.com INT"]
[Date "2021.05.18"]
[Round "5"]
[White "Chiku-Ratte, Olivier-Kenta"]
[Black "Perez, Fl"]
[Result "1-0"]
[WhiteElo "2377"]
[BlackElo "2287"]
[PlyCount "87"]
[EventDate "2021.05.18"]
[EventType "swiss (blitz)"]
[EventRounds "11"]
[EventCountry "NET"]
[Source "Mark Crowther"]
[SourceDate "2021.05.24"]

1. d4 d5 2. c4 c6 3. Nf3 Nf6 4. e3 Bg4 5. Nc3 e6 6. h3 Bh5 7. Bd2 Bb4 8. Bd3
O-O 9. O-O dxc4 10. Bxc4 c5 11. a3 cxd4 12. axb4 dxc3 13. Bxc3 Qxd1 14. Rfxd1
Bxf3 15. gxf3 Nc6 16. b5 Nb8 17. Bd4 a6 18. Ra5 Nfd7 19. bxa6 Nc6 20. Ra3 bxa6
21. Rxa6 Rxa6 22. Bxa6 Nde5 23. Bxe5 Nxe5 24. f4 Nf3+ 25. Kf1 h5 26. Be2 Nh4
27. Bxh5 Rb8 28. Rd2 g6 29. Bg4 Kg7 30. Bd1 Nf5 31. b3 Rh8 32. Bg4 Ne7 33. Rd7
Kf6 34. e4 Re8 35. b4 e5 36. Rd6+ Kg7 37. fxe5 Ng8 38. e6 fxe6 39. Bxe6 Rb8 40.
Bxg8 Kxg8 41. Rxg6+ Kf7 42. Rg4 Rxb4 43. Kg2 Kf6 44. e5+ 1-0

[Event "Titled Tuesday 2021.05.18"]
[Site "chess.com INT"]
[Date "2021.05.18"]
[Round "6"]
[White "Acor, Corey"]
[Black "Chiku-Ratte, Olivier-Kenta"]
[Result "0-1"]
[WhiteElo "2223"]
[BlackElo "2377"]
[PlyCount "124"]
[EventDate "2021.05.18"]
[EventType "swiss (blitz)"]
[EventRounds "11"]
[EventCountry "NET"]
[Source "Mark Crowther"]
[SourceDate "2021.05.24"]

1. e4 c5 2. Nc3 Nc6 3. g3 g6 4. Bg2 Bg7 5. d3 d6 6. Be3 Rb8 7. Nf3 b5 8. d4 b4
9. Ne2 cxd4 10. Nexd4 Bd7 11. O-O Nf6 12. Nxc6 Bxc6 13. e5 dxe5 14. Nxe5 Bxg2
15. Kxg2 Qc7 16. Bf4 g5 17. Nxf7 Qb7+ 18. Qf3 Kxf7 19. Bxg5 Qxf3+ 20. Kxf3 Rbc8
21. a3 Rxc2 22. axb4 Rxb2 23. Rxa7 Rxb4 24. Re1 Re8 25. Bf4 Nd5 26. Bd6 Rb2 27.
Be5 Bxe5 28. Rxe5 Nf6 29. h3 h5 30. Ra4 Rd8 31. Rf4 Rd3+ 32. Kg2 Rd1 33. Rxh5
Rbb1 34. Re5 Rg1+ 35. Kf3 Rb3+ 36. Re3 Rxe3+ 37. Kxe3 Ke6 38. Ra4 Rb1 39. Ra6+
Kf5 40. Kf3 Rb3+ 41. Kg2 Nd5 42. Ra5 e6 43. Ra4 Rb2 44. h4 e5 45. g4+ Kf6 46.
Ra6+ Kf7 47. Kg3 Rb3+ 48. Kg2 Nf4+ 49. Kg1 Rh3 50. h5 Rh4 51. Ra7+ Kf6 52. f3
Rh3 53. Kf2 Rh2+ 54. Kg3 Rh3+ 55. Kf2 Kg5 56. Ra6 Rh2+ 57. Kf1 Kh4 58. h6 Kg3
59. Ke1 Kxf3 60. g5 Ke3 61. Kd1 Nd3 62. g6 Rd2# 0-1

[Event "Titled Tuesday 2021.05.18"]
[Site "chess.com INT"]
[Date "2021.05.18"]
[Round "7"]
[White "Chiku-Ratte, Olivier-Kenta"]
[Black "Terry, R."]
[Result "0-1"]
[WhiteElo "2377"]
[BlackElo "2504"]
[PlyCount "116"]
[EventDate "2021.05.18"]
[EventType "swiss (blitz)"]
[EventRounds "11"]
[EventCountry "NET"]
[Source "Mark Crowther"]
[SourceDate "2021.05.24"]

1. Nf3 Nf6 2. c4 b6 3. Nc3 Bb7 4. g3 g6 5. Bg2 Bg7 6. O-O O-O 7. d4 Ne4 8. Bd2
Nxd2 9. Qxd2 e6 10. e4 d6 11. Rfe1 Nd7 12. Rad1 Qe7 13. Nb5 a6 14. Nc3 Rfd8 15.
h4 h6 16. Re3 c5 17. d5 Ne5 18. Nxe5 Bxe5 19. Rd3 g5 20. hxg5 hxg5 21. f4 Bd4+
22. Rxd4 cxd4 23. Qxd4 b5 24. b3 bxc4 25. bxc4 Rac8 26. Rb1 Rc7 27. Bf1 Bc8 28.
Rb6 gxf4 29. gxf4 Qh4 30. Qf2 Qh6 31. e5 dxe5 32. d6 Rb7 33. Bg2 Rxb6 34. Qxb6
Rf8 35. Ne4 Qxf4 36. Qf2 Qc1+ 37. Kh2 Qh6+ 38. Bh3 f5 39. Qg3+ Qg7 40. Ng5 Bd7
41. Nf3 Rc8 42. Nxe5 Be8 43. Bf1 Kf8 44. Qxg7+ Kxg7 45. d7 Bxd7 46. Nxd7 Rc7
47. Nb6 Kf6 48. Kg3 Ke5 49. Kf2 Kd4 50. a4 a5 51. Bg2 Kc5 52. Na8 Rd7 53. Ke3
Rg7 54. Bf3 Kxc4 55. Nb6+ Kc5 56. Na8 e5 57. Be2 Ra7 58. Bf3 e4 0-1

[Event "Titled Tuesday 2021.05.18"]
[Site "chess.com INT"]
[Date "2021.05.18"]
[Round "8"]
[White "Gabrielian, A."]
[Black "Chiku-Ratte, Olivier-Kenta"]
[Result "0-1"]
[WhiteElo "2456"]
[BlackElo "2377"]
[PlyCount "190"]
[EventDate "2021.05.18"]
[EventType "swiss (blitz)"]
[EventRounds "11"]
[EventCountry "NET"]
[Source "Mark Crowther"]
[SourceDate "2021.05.24"]

1. e4 c5 2. Nc3 Nc6 3. Bb5 g6 4. Bxc6 dxc6 5. d3 Bg7 6. Be3 b6 7. f4 Nf6 8. Nf3
Ng4 9. Bd2 O-O 10. h3 Nf6 11. O-O Ba6 12. b3 Nh5 13. Qe1 e6 14. e5 f5 15. Ne2
Bh8 16. g4 Ng7 17. Qh4 Qxh4 18. Nxh4 Rad8 19. Be3 Rd7 20. a4 Ne8 21. Nf3 Nc7
22. a5 Bb7 23. axb6 axb6 24. Bd2 h6 25. Kh2 Ra8 26. Rxa8+ Bxa8 27. Ra1 Bb7 28.
Kg3 Kf7 29. Kf2 Bg7 30. Ne1 Bf8 31. c4 Na6 32. Ke3 Rd8 33. Bc3 Ra8 34. Nc2 Nc7
35. Rxa8 Bxa8 36. g5 h5 37. Kd2 Bb7 38. h4 Ke8 39. Bb2 Kd7 40. Nc3 Be7 41. Na4
Na8 42. Ne1 Kc7 43. Nf3 b5 44. Nc3 Ba6 45. Bc1 Nb6 46. Kc2 Nd7 47. Be3 Kb6 48.
Nd2 Kc7 49. Nd1 Bd8 50. Nb1 Kc8 51. Nbc3 Ba5 52. Nb2 Bd8 53. Na2 Ba5 54. Bd2
Bc7 55. b4 bxc4 56. dxc4 cxb4 57. Nxb4 Bb7 58. Be3 c5 59. N4d3 Be4 60. Kc3 Bxd3
61. Nxd3 Bb6 62. Kb3 Kc7 63. Nb2 Kc6 64. Na4 Bc7 65. Bd2 Bd8 66. Nc3 Bc7 67.
Nb5 Bb8 68. Ba5 Nb6 69. Nc3 Nc8 70. Bd8 Bc7 71. Bxc7 Kxc7 72. Ka4 Kb6 73. Nb5
Kc6 74. Ka5 Nb6 75. Nd6 Nd7 76. Ka4 Nb6+ 77. Kb3 Kd7 78. Nb7 Kc6 79. Nd8+ Kd7
80. Nf7 Ke7 81. Nh8 Kf8 82. Nxg6+ Kf7 83. Nh8+ Kg7 84. Ng6 Kxg6 85. Kc3 Kf7 86.
Kb3 Ke7 87. Kc3 Ke8 88. Kb3 Nc8 89. Ka4 Ne7 90. Kb5 Kd7 91. Kxc5 Ng6 92. Kb6
Nxf4 93. c5 Nd5+ 94. Kb7 f4 95. c6+ Ke7 0-1

[Event "Titled Tuesday 2021.05.18"]
[Site "chess.com INT"]
[Date "2021.05.18"]
[Round "9"]
[White "Chiku-Ratte, Olivier-Kenta"]
[Black "Shimanov, A."]
[Result "0-1"]
[WhiteElo "2377"]
[BlackElo "2597"]
[PlyCount "76"]
[EventDate "2021.05.18"]
[EventType "swiss (blitz)"]
[EventRounds "11"]
[EventCountry "NET"]
[Source "Mark Crowther"]
[SourceDate "2021.05.24"]

1. d4 Nf6 2. Nf3 h6 3. c4 e6 4. Nc3 d5 5. cxd5 exd5 6. Bf4 Bd6 7. Bxd6 Qxd6 8.
e3 O-O 9. Rc1 c6 10. Bd3 Bg4 11. h3 Bxf3 12. Qxf3 Nbd7 13. O-O Rfe8 14. a3 a5
15. Na4 Re7 16. Nc5 Nxc5 17. Rxc5 a4 18. Rfc1 g6 19. Bc2 Kg7 20. Qd1 Ne4 21.
Bxe4 Rxe4 22. b3 axb3 23. Qxb3 Re7 24. a4 g5 25. a5 h5 26. Qb6 Ra6 27. Qb4 g4
28. hxg4 hxg4 29. Qe1 Qh6 30. Qe2 Qh5 31. e4 Re6 32. Qe3 Ra8 33. e5 Rh8 34. Kf1
Qh1+ 35. Ke2 Qxg2 36. a6 Rh3 37. Qg5+ Rg6 38. Qf4 Rf3 0-1

[Event "Titled Tuesday 2021.05.18"]
[Site "chess.com INT"]
[Date "2021.05.18"]
[Round "10"]
[White "Chiku-Ratte, Olivier-Kenta"]
[Black "Zia, Tahsin Tajwar"]
[Result "1-0"]
[WhiteElo "2377"]
[BlackElo "2178"]
[PlyCount "113"]
[EventDate "2021.05.18"]
[EventType "swiss (blitz)"]
[EventRounds "11"]
[EventCountry "NET"]
[Source "Mark Crowther"]
[SourceDate "2021.05.24"]

1. Nf3 d5 2. d4 Nf6 3. c4 e6 4. Nc3 a6 5. cxd5 exd5 6. Bg5 Be6 7. e3 Nbd7 8.
Bd3 Be7 9. O-O h6 10. Bh4 O-O 11. Ne5 Nxe5 12. dxe5 Nd7 13. Bxe7 Qxe7 14. f4
Qc5 15. Qe2 f5 16. Kh1 c6 17. Rac1 Qb6 18. Bb1 Nc5 19. Qd2 Ne4 20. Bxe4 fxe4
21. Na4 Qd8 22. Nc5 Qe7 23. b4 Rae8 24. Qd4 g6 25. a4 Qh4 26. b5 Rf5 27. g3 Qh3
28. Nxe6 Rh5 29. Rf2 Rxe6 30. bxc6 bxc6 31. Rg2 Qg4 32. Qd1 Qxd1+ 33. Rxd1 Rf5
34. Rb2 Rf7 35. Rb6 Rd7 36. Rxa6 g5 37. Kg2 gxf4 38. gxf4 Rg7+ 39. Kh3 Reg6 40.
Rc1 Kh7 41. Raxc6 Rg2 42. Rd6 Re2 43. Rcc6 Rf2 44. Rxh6+ Kg8 45. Rhg6 Rf3+ 46.
Kh4 Rxe3 47. Rxg7+ Kxg7 48. Kg5 Re2 49. Rc7+ Kf8 50. Kf6 Ke8 51. e6 Kd8 52. Rh7
Rf2 53. Rh8+ Kc7 54. e7 Kc6 55. e8=Q+ Kc5 56. Ke5 Rxf4 57. Qb5# 1-0

[Event "Titled Tuesday 2021.05.18"]
[Site "chess.com INT"]
[Date "2021.05.18"]
[Round "11"]
[White "Iniyan, P."]
[Black "Chiku-Ratte, Olivier-Kenta"]
[Result "0-1"]
[WhiteElo "2506"]
[BlackElo "2377"]
[PlyCount "56"]
[EventDate "2021.05.18"]
[EventType "swiss (blitz)"]
[EventRounds "11"]
[EventCountry "NET"]
[Source "Mark Crowther"]
[SourceDate "2021.05.24"]

1. d4 Nf6 2. c4 g6 3. Nc3 Bg7 4. e4 d6 5. Nf3 O-O 6. Be2 c6 7. O-O e5 8. d5 Na6
9. Ne1 Nc5 10. f3 Nh5 11. Nd3 Nxd3 12. Bxd3 c5 13. a3 Nf4 14. Kh1 Nxd3 15. Qxd3
f5 16. Be3 f4 17. Bg1 g5 18. b4 b6 19. Rab1 Bd7 20. a4 cxb4 21. Rxb4 Rc8 22.
Nb5 Bxb5 23. cxb5 Rf7 24. a5 bxa5 25. Ra4 g4 26. fxg4 Rfc7 27. Rfa1 Rc1 28.
Rxa5 Qb6 0-1